00998nam a22001577a 4500008004100000050001400041100002200055245009400077300002000171500002000191505044900211650004100660942001200701999001400713952011300727111220t xxu||||| |||| 00| 0 eng d aHC244.H45 aHenderson, Carter aFree enterprise moves east: doing business from Prague to Vladivostok /cCarter Henderson ax,288 p.c23cm. aIncludes index. aContents: The Triumph of capitalism -- Capitalism returns to the former Soviet empire -- The Czech economy springs back to life -- Slovakia learns the price of independence -- Prosperity comes to Poland -- The Richest country in eastern Europe -- Ennui Haunts Romania, Albania, and Bulgaria -- The Blossoming of free enterprise in Russia -- Russia struggles toward solvency -- Turmoil in the ''near abroad'' -- The Future begins to crystallize. aEurope, Eastern-Economic conditions. 2lcccBK c440d7940 00102lcc4070aWIUC-1bWIUC-1cGENd2011-12-20l0oHC244.H45p1131/11r2011-12-20 00:00:00w2011-12-20yBK